000 00343nam a2200157Ia 4500
003 0STCL
008 150530s9999 xx 000 0 und d
040 _aSTCL
_cSTCL
100 _aZukowski, J.
245 _aMastering Java 2, J2SE 1.4
260 _c2005
546 _aEnglish
942 _2ddc
_cBK
999 _c1269
_d1269
005 20220125160217.0